000 00481nam a22001697a 4500
003 MACL
005 20160423133126.0
008 160423b xxu||||| |||| 00| 0 eng d
040 _cMACL
041 _aHindi
082 _a800
100 _aनिर्मल वर्मा
_949844
245 _aसर्जना पथ के सहयात्री
260 _aपटना
_bराजकमल प्रकाशन
650 _aLiteracture
_953584
942 _2ddc
_cHIN
999 _c53830
_d53830